L'Ètica en el servei públic : pràctica i temes actuals / OCDE [Organització de Cooperació i Desenvolupament Econòmic] pràctica i temes actuals / OCDE [Organització de Cooperació i Desenvolupament Econòmic]
ISBN:
84-7794-537-3
Descripción Física:
91 p. ; 21 cm
Colección:
Perspectiva ; 7
MARC
| LEADER | 00000nam a2200000Ia 4500 | ||
|---|---|---|---|
| 001 | 11861 | ||
| 008 | 160829s1998 xx 000 0 cat d | ||
| 020 | |a 84-7794-537-3 | ||
| 080 | |a M-2-282 | ||
| 245 | |a L'Ètica en el servei públic : |b pràctica i temes actuals / OCDE [Organització de Cooperació i Desenvolupament Econòmic] | ||
| 260 | |a Barcelona : |b Diputació de Barcelona : |b Escola d'Administració Pública de Catalunyal, |c 1998 | ||
| 300 | |a 91 p. ; |c 21 cm | ||
| 490 | |a Perspectiva ; 7 | ||
| 650 | |a Administració pública |x Aspectes ètics i morals |9 25234 | ||
| 710 | |a Escola d'Administració Pública de Catalunya |9 15494 | ||
| 710 | 1 | |a Barcelona (Catalunya : Província). |b Diputació |9 52408 | |
| 710 | 2 | |a Organització de Cooperació i Desenvolupament Econòmic |9 54196 | |
| 901 | |a Arxiu | ||
| 942 | |n 1 | ||
| 952 | |0 0 |1 0 |4 0 |6 M2282 |7 1 |9 43517 |a Arxiu |b Arxiu |d 2016-12-01 |l 0 |o M-2-282 |p 11861 |r 2016-12-01 00:00:00 |w 2016-12-01 |y ARXIU | ||
| 999 | |c 46063 |d 46063 | ||